Дело по указу Правительствующего Сената о доставлении заключения о том, в какие именно военные госпитали отправлять рекрут, если...

Доступно только в Электронных читальных залах Найти на картеНа карте
RUSMARC
00003787nmc2a22000003x 450
0011584e063-f72c-49bd-a5e3-bcef8dbc21e0
00520181012143012.0
100##$a20161005l18491850k l0rusy0189 ca
1010#$arus
102##$aRU
2001#$aДело по указу Правительствующего Сената о доставлении заключения о том, в какие именно военные госпитали отправлять рекрут, если при приеме окажутся не совершенно явные и положительные признаки болезни
$j20 июня 1849 г. - 20 июня 1850 г.
251##$cДело
300##$aДело
801#0$aRU
$bРГИА
$c20161005
$gRCR
801#1$aRU
$bГлавНИВЦ
$c20161005
$2rusmarc
801#2$aRU
$bПБ им. Б.Н. Ельцина
$c20181012
$gRCR
$2rusmarc
850##$aРГИА
852##$aРГИА
$eФедеральное казенное учреждение "Российский государственный исторический архив" (РГИА)
$j1746
937##$hРГИА
$d12216421
$aASBIBLIO_SCAN
462#0$10011f2612a5-dcc7-4853-9c3b-606260869072
$12001
$a1848-1849 гг. Дела Департамента полиции исполнительной МВД за 1849 г.
$1251
$cОпись
$1852
$j11
461#0$10013e300ed0-cd39-49af-8489-5ba5b90fa401
$12001
$aДепартамент полиции исполнительной МВД
$1251
$cФонд
$1852
$j1286
215##$a7 л.
$d36,5х26 см
371##$aДокумент не является опубликованным и широко распространяемым
105##$ay###
1222#$ad
035##$a1584e063-f72c-49bd-a5e3-bcef8dbc21e0
856##$uhttp://readingroom.main.prlib.ru/item.aspx?id_node=n119239958&mode=full
Формат отображения